| 000 | 00423nam a2200169Ia 4500 | ||
|---|---|---|---|
| 008 | 230711s9999||||xx |||||||||||||| ||und|| | ||
| 020 | _a978-81-8052-253-6 | ||
| 041 | _aENG | ||
| 082 |
_a658.15 _bAN-G |
||
| 100 | _aAnbarasu,Joseph | ||
| 245 | 0 | _aGlobal financial management | |
| 250 | _a1st Ed. | ||
| 260 |
_c2010 _aNew Delhi _bAne Books Pvt.Ltd |
||
| 300 | _a721p. | ||
| 650 | _aUNIVESITY BUSNIESS SCHOOL | ||
| 942 | _cBK | ||
| 999 |
_c6414 _d6414 |
||